书目信息 |
| 题名: |
电工基础
|
|
| 作者: | 周南星 编 | |
| 分册: | ||
| 出版信息: | 北京 北京科学技术出版社 1998.07 |
|
| 页数: | 427页 | |
| 开本: | 16开 | |
| 丛书名: | ||
| 单 册: | ||
| 中图分类: | TM1-43 | |
| 科图分类: | ||
| 主题词: | 电工--理论 | |
| 电子资源: | ||
| ISBN: | 7-5304-2028-3 | |
| 000 | 00541nam0 2200193 45 | |
| 001 | 0008210918 | |
| 005 | 20000821095041.9 | |
| 010 | @a7-5304-2028-3@d26.00元 | |
| 100 | @a20000821d1998 km y0chiy0120 ea | |
| 101 | 0 | @achi |
| 105 | @a z 000yy | |
| 200 | 1 | @a电工基础@ADian Gong Ji Chu@f周南星等编@FZhou Nan Xing Deng Bian |
| 210 | @a北京@c北京科学技术出版社@d1998.07 | |
| 215 | @a427页@d16开 | |
| 606 | 0 | @a电工@x理论 |
| 690 | @aTM1-43@v3 | |
| 701 | 0 | @a周南星@4编 |
| 801 | @aCN@bPftUser@c20000821 | |
| 905 | @b112223-227@dTM1-43@eZH893@f5 | |
| 电工基础/周南星等编.-北京:北京科学技术出版社,1998.07 |
| 427页;16开 |
| ISBN 7-5304-2028-3:26.00元 |
| ● |
| 相关链接 |
|
|
|
正题名:电工基础
索取号:TM1-43/ZH893
 
预约/预借
| 序号 | 登录号 | 条形码 | 馆藏地/架位号 | 状态 | 备注 |
| 1 | 112224 | 201122249 | 自科二线504/504自科库 9排4列1层/ [索取号:TM1-43/ZH893] | 在馆 | |
| 2 | 112225 | 201122258 | 自科二线404/301自科库 5排1列5层/ [索取号:TM1-43/ZH893] | 在馆 | |
| 3 | 112226 | 201122267 | 自科二线504/504自科库 9排4列1层/ [索取号:TM1-43/ZH893] | 在馆 | |
| 4 | 112227 | 201122276 | 自科二线504/504自科库 9排4列1层/ [索取号:TM1-43/ZH893] | 在馆 |